000 00343nam a2200133Ia 4500
008 240624s9999 xx 000 0 und d
041 _aeng
082 _a020 BAV
100 _aBAVAKUTTY M
245 _aRESEARCH ON LIBRARY COMPUTERIZATION
260 _c2006
_aNew Delhi
_bEss Ess Publications
300 _a562 : p. : cm. ; 21
365 _cRS
_b20
999 _c8409
_d8409